Temas fundamentales de derecho de la información en Iberoamérica /

Salvato in:
Dettagli Bibliografici
Autore principale: Carreño Carlón, José (coord.)
Altri autori: Villanueva, Ernesto (coord.) (coord.)
Natura: Libro
Lingua:spagnolo
Pubblicazione: México : Madrid, España : Universidad Iberoamericana, Plantel Santa Fe ; Fragua, 1998, c1998
Soggetti:
Tags: Aggiungi Tag
Nessun Tag, puoi essere il primo ad aggiungerne!!

MARC

LEADER 00000nam^a2200000^a^4500
001 000068361
005 20250521000000.0
009 20260310091327.837
020 |a 84-7074-100-4 
037 |a Acervo ITESO - Biblioteca 
041 |a ESP 
082 |a 343. 800995  |b CAR 
100 |a Carreño Carlón, José  |e (coord.) 
245 1 0 |a Temas fundamentales de derecho de la información en Iberoamérica /  |c Coord. de J. Carreño Carlón, E. Villanueva. 
264 4 |a México :  |b Universidad Iberoamericana, Plantel Santa Fe ;  |a Madrid, España :  |b Fragua,  |c 1998, c1998 
300 |a 185 p. 
336 |a texto  |b txt  |2 rdacontenido 
337 |a sin mediación  |b n  |2 rdamedio 
338 |a volumen  |b nc  |2 rdasoporte 
521 |a 2012 BO Licenciatura en Comunicación y Artes Audiovisuales 
649 |a XX 
650 |a Derecho a la Información -  |z Latinoamerica -  |x Tema Principal 
650 |a Derecho a la Información -  |z España -  |x Tema Principal 
650 |a Medios de Comunicación y Estado -  |z Latinoamérica 
650 |a Medios de Comunicación y Estado -  |z España 
650 |a Comunicación Masiva -  |z Latinoamérica -  |x Aspectos Jurídicos 
650 |a Comunicación Masiva -  |z España -  |x Aspectos Jurídicos 
650 |a Derecho Público -  |z Latinoamérica 
650 |a Derecho Público -  |z España 
650 |a Derecho Comparado 
700 |a Villanueva, Ernesto  |e (coord.) 
910 |a Fondo General 
920 |a Impresos - Libros 
930 |a Colección General 
905 |a 101 
901 |a 0500023357  |b IT1  |c ACC  |u 20250521 
901 |a 0500098093  |b IT1  |c ACC  |u 20250521 
902 |a https://opac.biblio.iteso.mx/vufind/Record/000068361